| Tag |
First Indicator |
Second Indicator |
Subfields |
| LEADER |
00000cim a2200000Ia 4500 |
| 001 |
in00002781169 |
| 005 |
20151202170853.0 |
| 007 |
sd fungnn|||ee |
| 008 |
120522s2007 txunnnn t n spa d |
| 035 |
|
|
|a (OCoLC)ocn794059635
|
| 035 |
|
|
|a (OCoLC)794059635
|
| 040 |
|
|
|a TXA
|c TXA
|d UtOrBLW
|
| 043 |
|
|
|a s-ag---
|
| 049 |
|
|
|a TXAM
|
| 090 |
|
|
|a PQ7081.A1
|b C54 2007 no. 601
|
| 100 |
1 |
|
|a Pígoli, Edgardo,
|d 1966-
|e interviewee.
|
| 245 |
1 |
0 |
|a Pígoli y Aulicino y Adúriz :
|b [interview].
|
| 246 |
3 |
0 |
|a Edgardo Pígoli y Jorge Ricardo Aulicino y Javier Adúriz : [interview]
|
| 264 |
|
1 |
|a [Place of publication not identified] :
|b [publisher not identified] ;
|c [2007]
|
| 300 |
|
|
|a 1 sound disc (55 min., 40 sec.) :
|b digital ;
|c 4 3/4 in.
|
| 306 |
|
|
|a 005540
|
| 336 |
|
|
|a spoken word
|b spw
|2 rdacontent
|
| 337 |
|
|
|a audio
|b s
|2 rdamedia
|
| 338 |
|
|
|a audio disc
|b sd
|2 rdacarrier
|
| 490 |
1 |
|
|a Colección Los Palabristas ;
|v 601
|
| 511 |
0 |
|
|a Interviewer, Esteban Peicovich ; interviewees, Edgardo Pígoli, Jorge Ricardo Aulicino, Javier Adúriz.
|
| 500 |
|
|
|a Recordable compact disc.
|
| 518 |
|
|
|a Originally broadcast from Buenos Aires, Argentina on August 10, 2000 as a segment of the radio program Los Palabristas.
|
| 534 |
|
|
|p Reproduction.
|a Pígoli, Edgardo, 1966-
|t Pígoli y Aulicino y Adúriz.
|c [2000]
|e 1 sound cassette : analog.
|
| 520 |
|
|
|a Esteban Peicovich hosts a discussion between Javier Adúriz, Edgardo Pígoli, and Jorge Aulicino. Pígoli is the director for the collection of books El Pez Naufrago, in which Aulicino has authored La linea del coyote. Adúriz is the director for the literary magazine El Leon en el Bidet. The three writers have a discussion rooted from a previously transcribed dialogue that was published in the magazine La Guacha. Peicovich first summarizes this dialogue and Adúriz reads its commencement. Adúriz expresses his divided opinion about the dual identity of a reader and poet. Aulicino suggests that this identity is not as important at the structure of society. Pígoli shares his thoughts on what poetry is like and Adúriz reexpresses the importance of the reader in the understanding of poetry. Aulicino counters Adúriz's idea and Pígoli challenges one aspect of it. The three writers continue the discussion into the marketing and exposure of poetry.
|
| 500 |
|
|
|a Converted with permission from sound cassette to compact disc by the Texas A&M University Libraries.
|
| 500 |
|
|
|a Sound recording.
|
| 600 |
1 |
0 |
|a Pígoli, Edgardo,
|d 1966-
|v Interviews.
|
| 600 |
1 |
0 |
|a Aulicino, Jorge Ricardo,
|d 1949-
|v Interviews.
|
| 600 |
1 |
0 |
|a Adúriz, Javier
|v Interviews.
|
| 650 |
|
0 |
|a Poets, Argentine
|v Interviews.
|
| 650 |
|
0 |
|a Journalists
|z Argentina
|v Interviews.
|
| 655 |
|
7 |
|a Radio interviews.
|2 lcgft
|
| 700 |
1 |
|
|a Aulicino, Jorge Ricardo,
|d 1949-
|e interviewee.
|
| 700 |
1 |
|
|a Adúriz, Javier,
|e interviewee.
|
| 700 |
1 |
|
|a Peicovich, Esteban,
|e host,
|e interviewer.
|
| 710 |
2 |
|
|a Texas A & M University.
|b Libraries.
|
| 730 |
0 |
|
|a Palabristas.
|
| 830 |
|
0 |
|a Colección Los Palabristas ;
|v 601.
|
| 948 |
|
|
|a cataloged
|b h
|c 2012/5/22
|d o
|e jgreene
|f 9:35:50 am
|
| 994 |
|
|
|a C0
|b TXA
|
| 999 |
|
|
|a MARS
|
| 999 |
f |
f |
|s 6c0242a5-ff87-3bad-8ca9-581fc111804e
|i 37e761aa-8ff2-3bb2-98be-99f2072a7f53
|t 0
|
| 952 |
f |
f |
|p noncirc
|a Texas A&M University
|b College Station
|c Cushing Memorial Library & Archives
|d Cushing: Area Studies/Hispanic (Does not check out)
|t 0
|e PQ7081.A1 C54 2007 no. 601
|h Library of Congress classification
|i audio -- audio disc
|m A14837891293
|
| 998 |
f |
f |
|a PQ7081.A1 C54 2007 no. 601
|t 0
|l Cushing: Area Studies/Hispanic (Does not check out)
|